000 00292nam a2200109Ia 4500
005 20251222144724.0
008 251222s9999||||xx |||||||||||||| ||spa||
082 _a371.332/M22
100 _aManrique Fernandez, Luis Silverio
245 0 _aMétodos Activos y Técnicas Didácticas
942 _cLIB
999 _c18343
_d18343